THE ICD-10 CLASSIFICATION OF MENTAL & BEHAVIORAL DISORDER (Record no. 8386)
[ view plain ]
| 000 -LEADER | |
|---|---|
| fixed length control field | 00346nam a22001457a 4500 |
| 003 - CONTROL NUMBER IDENTIFIER | |
| control field | SGT |
| 020 ## - INTERNATIONAL STANDARD BOOK NUMBER | |
| International Standard Book Number | 81-7473-155-5 |
| 082 ## - DEWEY DECIMAL CLASSIFICATION NUMBER | |
| Classification number | 616.8, I07W |
| 100 ## - MAIN ENTRY--PERSONAL NAME | |
| Personal name | W H O |
| 245 ## - TITLE STATEMENT | |
| Title | THE ICD-10 CLASSIFICATION OF MENTAL & BEHAVIORAL DISORDER |
| 260 ## - PUBLICATION, DISTRIBUTION, ETC. (IMPRINT) | |
| Place of publication, distribution, etc | INDIA |
| Name of publisher, distributor, etc | AITBS |
| Year of Publication | 2007 |
| 300 ## - PAGE DESCRIPTION | |
| No. of Pages | 362 |
| 650 ## - SUBJECT ADDED ENTRY--TOPICAL TERM | |
| Topical term or geographic name as entry element | COMMUNITY MEDICINE |
| 942 ## - ADDED ENTRY ELEMENTS (KOHA) | |
| Source of classification or shelving scheme | Dewey Decimal Classification |
| Koha item type | Books |
| 942 ## - ADDED ENTRY ELEMENTS (KOHA) | |
| -- | 52 |
| Withdrawn status | Lost status | Source of classification or shelving scheme | Damaged status | Not for loan | Collection code | Home library | Current library | Shelving location | Date acquired | Vendor Name | Cost, normal purchase price | SGTU | Bill Number | Total Checkouts | Full call number | Accession No. (Barcode) | Date last seen | Date last borrowed | Bill Date | Koha item type | Total Renewals |
|---|---|---|---|---|---|---|---|---|---|---|---|---|---|---|---|---|---|---|---|---|---|
| Dewey Decimal Classification | MEDICAL | SGT Engineering Library | SGT Engineering Library | Text Book | 14/03/2016 | AHUJA BOOK COMPANY | 350.00 | SGTU | 6069 | 28 | 616.8, I07W | FM7383 | 08/08/2025 | 04/08/2025 | 11/09/2015 | Books | |||||
| Dewey Decimal Classification | MEDICAL | SGT Engineering Library | SGT Engineering Library | Text Book | 14/03/2016 | AHUJA BOOK COMPANY | 350.00 | SGTU | 6069 | 29 | 616.8, I07W | FM7384 | 19/06/2024 | 29/05/2024 | 11/09/2015 | Books | 1 | ||||
| Dewey Decimal Classification | MEDICAL | SGT Medical Library | SGT Medical Library | Text Book | 14/03/2016 | AHUJA BOOK COMPANY | 350.00 | SGTU | 6069 | 1 | 616.8, I07W | FM7382 | 24/09/2018 | 06/09/2018 | 11/09/2015 | Books | |||||
| Dewey Decimal Classification | MEDICAL | SGT Medical Library | SGT Medical Library | Text Book | 14/03/2016 | AHUJA BOOK COMPANY | 350.00 | SGTU | 6069 | 2 | 616.8, I07W | FM7385 | 15/12/2025 | 06/12/2025 | 11/09/2015 | Books | |||||
| Dewey Decimal Classification | MEDICAL | SGT Medical Library | SGT Medical Library | Text Book | 24/01/2018 | ABC | 425.00 | SGTU | 8879 | 4 | 616.8, I07W | FM9937 | 10/02/2020 | 20/01/2020 | 11/10/2017 | Books | |||||
| Dewey Decimal Classification | MEDICAL | SGT Medical Library | SGT Medical Library | Text Book | 24/01/2018 | ABC | 425.00 | SGTU | 8879 | 1 | 616.8, I07W | FM9938 | 11/09/2018 | 31/08/2018 | 11/10/2017 | Books | |||||
| Dewey Decimal Classification | MEDICAL | SGT Medical Library | SGT Medical Library | Text Book | 24/01/2018 | ABC | 425.00 | SGTU | 8879 | 6 | 616.8, I07W | FM9939 | 17/04/2023 | 01/04/2023 | 11/10/2017 | Books | |||||
| Dewey Decimal Classification | MEDICAL | SGT Medical Library | SGT Medical Library | Text Book | 24/01/2018 | ABC | 425.00 | SGTU | 8879 | 4 | 616.8, I07W | FM9940 | 03/10/2019 | 01/10/2019 | 11/10/2017 | Books | |||||
| Dewey Decimal Classification | MEDICAL | SGT Medical Library | SGT Medical Library | Text Book | 24/01/2018 | ABC | 425.00 | SGTU | 8879 | 2 | 616.8, I07W | FM9941 | 16/04/2022 | 16/04/2022 | 11/10/2017 | Books | |||||
| Dewey Decimal Classification | MEDICAL | SGT Medical Library | SGT Medical Library | Text Book | 24/01/2018 | ABC | 425.00 | SGTU | 8879 | 616.8, I07W | FM9942 | 24/01/2018 | 11/10/2017 | Books | |||||||
| Dewey Decimal Classification | MEDICAL | SGT Medical Library | SGT Medical Library | Text Book | 24/01/2018 | ABC | 425.00 | SGTU | 8879 | 4 | 616.8, I07W | FM9943 | 03/12/2018 | 19/11/2018 | 11/10/2017 | Books | |||||
| Dewey Decimal Classification | MEDICAL | SGT Medical Library | SGT Medical Library | Text Book | 24/01/2018 | ABC | 425.00 | SGTU | 8879 | 10 | 616.8, I07W | FM9944 | 05/09/2022 | 27/07/2022 | 11/10/2017 | Books | |||||
| Dewey Decimal Classification | MEDICAL | SGT Medical Library | SGT Medical Library | Text Book | 24/01/2018 | ABC | 425.00 | SGTU | 8879 | 9 | 616.8, I07W | FM9945 | 16/09/2024 | 29/08/2024 | 11/10/2017 | Books | |||||
| Dewey Decimal Classification | MEDICAL | SGT Medical Library | SGT Medical Library | Text Book | 24/01/2018 | ABC | 425.00 | SGTU | 8879 | 616.8, I07W | FM9946 | 24/01/2018 | 11/10/2017 | Books |